000 00436nam a2200145Ia 4500
008 151213s9999 xx 000 0 und d
100 _aRobert E. Spiller
245 _aThe Cycle of American Literature, An Essay in Historical Criticism
_cRobert E. Spiller
260 _aNew York
_bMaster Book
_c1956
300 _a5177 p.
650 _aEnglish Literature
650 _aEnglish Literature
700 _aRobert E. Spiller
999 _c3197
_d3197